Pensiero e meteore (Record no. 157950)

MARC details
000 -LEADER
campo de control de longitud fija 01034nam a22002175i 4500
001 - NÚMERO DE CONTROL
campo de control 157950
003 - IDENTIFICADOR DE NÚMERO DE CONTROL
campo de control ES-MaACL
005 - FECHA Y HORA DE LA ÚLTIMA TRANSACCIÓN
campo de control 20250902063110.0
008 - DATOS DE LONGITUD FIJA--INFORMACIÓN GENERAL
campo de control de longitud fija 011122s1878 it |||| | ita d
040 ## - FUENTE DE CATALOGACIÓN
Centro catalogador/agencia de origen CCPB | B
Lengua de catalogación spa
Centro/agencia transcriptor CCPB | B
100 1# - ENTRADA PRINCIPAL--NOMBRE DE PERSONA
Nombre de persona Lombroso, Cesare,
Fechas asociadas al nombre 1835-1909
9 (RLIN) 242173
245 10 - MENCIÓN DEL TÍTULO
Título Pensiero e meteore
Resto del título : studii di un alienista /
Mención de responsabilidad, etc. pel Cesare Lombroso ; seguite dall'osservazioni psichiatrico-meteorologiche del A. Tamburini e dalle note abitante dei paesi in grandi altezze del G. Marinelli.
260 ## - PUBLICACIÓN, DISTRIBUCIÓN, ETC.
Lugar de publicación, distribución, etc. Milano :
Nombre del editor, distribuidor, etc. Fratelli Dumolard,
Fecha de publicación, distribución, etc. 1878 (
Fabricante tipi di A. Lombardi)
300 ## - DESCRIPCIÓN FÍSICA
Extensión X, 227 p. ;
Dimensiones 21 cm.
490 1# - MENCIÓN DE SERIE
Mención de serie Biblioteca Scientifica Internazionale ;
Designación de volumen o secuencia 16
700 12 - ENTRADA AGREGADA--NOMBRE PERSONAL
Nombre de persona Tamburini, A.
Título de la obra Osservazioni psichiatrico-meteoriche sul manicomio di reggio.
9 (RLIN) 133113
700 12 - ENTRADA AGREGADA--NOMBRE PERSONAL
Nombre de persona Marinelli, G.
Título de la obra Note sulle condizioni degli abitanti di Sauris e Collina.
9 (RLIN) 129501
830 0# - PUNTO DE ACCESO ADICIONAL DE SERIE-TÍTULO UNIFORME
Título uniforme Biblioteca Scientifica Internazionale ;
Designación de volumen o secuencia 16
9 (RLIN) 188137
852 ## - LOCALIZACIÓN
Ubicación ES-MaACL
Número de control de estantería F-11805
Nota libre -- Enc. hol.
Holdings
Estatus retirado Estado de pérdida Estado de daño No para préstamo Colección Biblioteca de origen Biblioteca actual Ubicación en estantería Fecha de adquisición Fuente de adquisición Total de préstamos Signatura topográfica completa Código de barras Visto por última vez Precio de reemplazo Tipo de ítem Koha
        Libros del s. XIX Biblioteca del Ateneo de Madrid Biblioteca del Ateneo de Madrid Sala Pecera Planta 2 17/01/2008     F-11805 1165305 23/02/2023 23/02/2023 Libro impreso antiguo